000 01984nam a22005177a 4500
003 CHAP
005 20220329143222.0
008 070330d2006 mx d r 00110 spa d
010 _a93469
011 _a94441
035 _a105031
040 _cCHAP
090 _aTesis
100 1 _aVega Estrada, Braulio
_9118257
245 1 0 _aEvaluación de los bloques de melaza-urea e implantes anabolicos de Zeranol en el comportamiento productivo de becerras Holstein
_c/por Braulio Vega Estrada
260 _aCocula, Gro. :
_bEl autor,
_c2006
300 _a29 h. :
_bgráfs. ; cuad.
502 _aTesis (Ing. Agr. Zootecnista) -- Colegio Superior Agropecuario del Estado de Guerrero. Centro de Estudios Profesionales
590 _aALEPH
_b10
_c20130110
_lUCH01
_h1517
590 _aBATCH-UPD
_b10
_c20130110
_lUCH01
_h0215
590 _aBATCH-UPD
_b10
_c20130110
_lUCH01
_h1157
590 _aBATCH-UPD
_b10
_c20130409
_lUCH01
_h2233
590 _aBATCH-UPD
_b10
_c20130410
_lUCH01
_h1002
590 _aBATCH-UPD
_b10
_c20130913
_lUCH01
_h2016
590 _aBATCH-UPD
_b10
_c20130914
_lUCH01
_h1334
590 _aCONVERSION
_b10
_c20130109
_lUCH01
_h1352
650 1 4 _aAditivos alimenticios.
_9907
650 1 4 _aBecerros
_xAlimentación.
_911172
650 1 4 _aBecerros
_xPeso.
_911187
650 1 4 _aBecerros
_xProducción.
_911188
650 1 4 _aEvaluación.
_938913
650 1 4 _aGanado Holstein - Friesian.
_945148
650 1 4 _aGanado Holstein.
_945133
650 1 4 _aGanado vacuno
_xAlimentación.
_945429
650 1 4 _aGanado vacuno
_xHábitos y conducta.
_945474
650 1 4 _aGanado vacuno
_xPeso.
_945504
650 1 4 _aGanado vacuno
_xProducción.
_945506
650 1 4 _aGanado vacuno
_xRazas.
_945509
650 1 4 _aMelaza en alimentación animal.
_974315
650 1 4 _aUrea en alimentación animal.
_9116890
650 1 4 _aZeranol.
_9123955
901 _aBK
905 _aMarco A. Mendoza T.
942 _cTESIS
949 _aTesis
_bBC
_cTES
_d33724002024553
_eTS1
_gDonaciØn
_h46689
_i105031
_sb
999 _c93469
_d93469